| 000 | 00773cam a22002413a 4500 | ||
|---|---|---|---|
| 001 | 28180 | ||
| 003 | PGUSA | ||
| 005 | 20140828083616.0 | ||
| 008 | 090224s2009||||xxu|||||s|||||000 1 eng d | ||
| 040 |
_aPGUSA _beng |
||
| 042 | _adc | ||
| 050 | 4 | _aPS | |
| 100 | 1 |
_aThorne, Jack, _d1863- |
|
| 245 | 1 | 0 |
_aHanover; Or The Persecution of the Lowly : _bA Story of the Wilmington Massacre. _h[electronic resource] / _cJack Thorne |
| 260 |
_bProject Gutenberg, _c2009 |
||
| 506 | _aPublic domain in the USA. | ||
| 516 | _aElectronic text | ||
| 653 | _aAfrican Americans -- North Carolina -- Wilmington -- Fiction | ||
| 653 | _aWilmington (N.C.) -- History -- Fiction | ||
| 830 | 0 |
_aProject Gutenberg _v28180 |
|
| 856 | 4 | 0 | _uhttp://www.gutenberg.org/ebooks/28180 |
| 942 | _cEB | ||
| 999 |
_c257435 _d257435 |
||